Border Deaths : Causes, Dynamics and Consequences of Migration-related Mortality (Record no. 45126)
[ view plain ]
| 000 -LEADER | |
|---|---|
| fixed length control field | 01986nam a2200289Ia 4500 |
| 000 - LEADER | |
| fixed length control field | 02425naaa 00337uu |
| 001 - CONTROL NUMBER | |
| control field | https://directory.doabooks.org/handle/20.500.12854/33612 |
| 008 - FIXED-LENGTH DATA ELEMENTS--GENERAL INFORMATION | |
| fixed length control field | 211013s9999 xx 000 0 und d |
| 020 ## - INTERNATIONAL STANDARD BOOK NUMBER | |
| International Standard Book Number | 9789463722322 |
| 024 ## - OTHER STANDARD IDENTIFIER | |
| Standard number or code | 10.5117/9789463722322 |
| 042 ## - AUTHENTICATION CODE | |
| Authentication code | dc |
| 245 #0 - TITLE STATEMENT | |
| Title | Border Deaths : Causes, Dynamics and Consequences of Migration-related Mortality |
| 260 ## - PUBLICATION, DISTRIBUTION, ETC. | |
| Place of publication, distribution, etc. | Amsterdam |
| Name of publisher, distributor, etc. | Amsterdam University Press |
| Date of publication, distribution, etc. | 2019 |
| 300 ## - PHYSICAL DESCRIPTION | |
| Extent | 1 electronic resource (175 p.) |
| 520 ## - SUMMARY, ETC. | |
| Summary, etc. | Border deaths are a result of dynamics involving diverse actors, and can be interpreted and represented in various ways. Critical voices from civil society (including academia) hold states responsible for making safe journeys impossible for large parts of the world population. Meanwhile, policy-makers argue that border deaths demonstrate the need for restrictive border policies. Statistics are widely (mis)used to support different readings of border deaths. However, the way data is collected, analysed, and disseminated remains largely unquestioned. Similarly, little is known about how bodies are treated, and about the different ways in which the dead - also including the missing and the unidentified - are mourned by familiars and strangers. New concepts and perspectives contribute to highlighting the political nature of border deaths and finding ways to move forward. The chapters of this collection, co-authored by researchers and practitioners, provide the first interdisciplinary overview of this contested field. |
| 540 ## - TERMS GOVERNING USE AND REPRODUCTION NOTE | |
| Terms governing use and reproduction | Creative Commons |
| 653 ## - INDEX TERM--UNCONTROLLED | |
| Uncontrolled term | Border |
| 700 1# - ADDED ENTRY--PERSONAL NAME | |
| Personal name | Cuttitta, Paolo |
| 700 1# - ADDED ENTRY--PERSONAL NAME | |
| Personal name | Cuttitta, Paolo |
| 700 1# - ADDED ENTRY--PERSONAL NAME | |
| Personal name | Last, Tamara |
| 700 1# - ADDED ENTRY--PERSONAL NAME | |
| Personal name | Last, Tamara |
| 856 ## - ELECTRONIC LOCATION AND ACCESS | |
| Uniform Resource Identifier | <a href="https://library.oapen.org/bitstream/20.500.12657/23625/1/9789048550203.pdf">https://library.oapen.org/bitstream/20.500.12657/23625/1/9789048550203.pdf</a> |
| 856 ## - ELECTRONIC LOCATION AND ACCESS | |
| Uniform Resource Identifier | <a href="https://library.oapen.org/bitstream/20.500.12657/23625/1/9789048550203.pdf">https://library.oapen.org/bitstream/20.500.12657/23625/1/9789048550203.pdf</a> |
| 856 ## - ELECTRONIC LOCATION AND ACCESS | |
| Uniform Resource Identifier | <a href="www.oapen.org">www.oapen.org</a> |
| 942 ## - ADDED ENTRY ELEMENTS (KOHA) | |
| Koha item type | E-Book |
| Withdrawn status | Source of classification or shelving scheme | Damaged status | Not for loan | Home library | Current library | Date acquired | Total Checkouts | Date last seen | Price effective from | Koha item type |
|---|---|---|---|---|---|---|---|---|---|---|
| Library of Congress Classification | Not For Loan | Directory of Open Access Books | Directory of Open Access Books | 12/22/2021 | 12/22/2021 | 12/22/2021 | E-Book |